[Event "GBR-ch106 Senior Over 65"]
[Site "Torquay"]
[Date "2019.08.04"]
[Round "7.2"]
[White "Page, Mark E"]
[Black "Norman, Kenneth I"]
[Result "1-0"]
[WhiteElo "2102"]
[BlackElo "2121"]
[PlyCount "65"]
[EventDate "2019.07.29"]
[EventType "swiss"]
[EventRounds "7"]
[EventCountry "GBR"]

1. e4 e5 2. Nf3 Nc6 3. Bb5 a6 4. Ba4 Nf6 5. O-O b5 6. Bb3 Be7 7. Qe2 O-O 8. c3
d5 9. d3 Re8 10. h3 h6 11. Rd1 Bb7 12. Nbd2 Bf8 13. Nf1 d4 14. Ng3 g6 15. cxd4
exd4 16. Bd2 Qd7 17. Nh2 Kh7 18. f4 Nd8 19. Nf3 c5 20. Ne5 Qc7 21. Rf1 Rc8 22.
Rac1 Bg7 23. Ng4 Ng8 24. Qf2 f6 25. f5 g5 26. h4 gxh4 27. Nh5 Nf7 28. Qxh4 Qe7
29. Be6 Rc7 30. Nxg7 Kxg7 31. Bxf7 Kxf7 32. Nxh6+ Nxh6 33. Bxh6 1-0

[Event "GBR-ch106 Senior Over 65"]
[Site "Torquay"]
[Date "2019.08.04"]
[Round "7.4"]
[White "Habershon, Paul F"]
[Black "Jones, Chris"]
[Result "1/2-1/2"]
[WhiteElo "2017"]
[BlackElo "2036"]
[PlyCount "55"]
[EventDate "2019.07.29"]
[EventType "swiss"]
[EventRounds "7"]
[EventCountry "GBR"]

1. c4 c5 2. Nc3 Nc6 3. g3 g6 4. Bg2 Bg7 5. e3 e6 6. Nge2 Nge7 7. O-O O-O 8. d4
cxd4 9. exd4 d5 10. cxd5 exd5 11. Be3 Bg4 12. Qd2 Qd7 13. Nf4 Be6 14. Rfe1 Rae8
15. Rac1 Kh8 16. h4 Nf5 17. Ncxd5 Nfxd4 18. Nxe6 Rxe6 19. Bf4 Ree8 20. Bh6 f6
21. Bxg7+ Kxg7 22. Kf1 Re5 23. Nf4 Qe7 24. Rxe5 fxe5 25. Re1 Qf6 26. Nd5 Qf5
27. Ne3 Qf6 28. Nd5 1/2-1/2

[Event "GBR-ch106 Senior Over 65"]
[Site "Torquay"]
[Date "2019.08.04"]
[Round "7.5"]
[White "Hutchinson, Norman A"]
[Black "Burnett, Jim"]
[Result "1/2-1/2"]
[WhiteElo "1983"]
[BlackElo "2018"]
[PlyCount "58"]
[EventDate "2019.07.29"]
[EventType "swiss"]
[EventRounds "7"]
[EventCountry "GBR"]

1. e4 e6 2. d4 d5 3. Nd2 Nf6 4. e5 Nfd7 5. Ngf3 c5 6. c3 Nc6 7. Bd3 g6 8. h4 h6
9. Bc2 b5 10. a3 Qb6 11. Nf1 cxd4 12. cxd4 Bb7 13. Be3 O-O-O 14. N1d2 Na5 15.
b3 b4 16. axb4 Bxb4 17. Kf1 Ba6+ 18. Kg1 Kb7 19. Ne1 Nc6 20. Ndf3 Be7 21. g3
Nb4 22. Bb1 Qb5 23. Nc2 Qe2 24. Kg2 Nb8 25. Nxb4 Bxb4 26. Ra2 Qxd1 27. Rxd1 Nc6
28. Ne1 Be7 29. Bd3 Bxd3 1/2-1/2

[Event "GBR-ch106 Senior Over 65"]
[Site "Torquay"]
[Date "2019.08.04"]
[Round "7.6"]
[White "Shephard, Chris CW"]
[Black "Charnley, Bernard J"]
[Result "1-0"]
[WhiteElo "2214"]
[BlackElo "1875"]
[PlyCount "119"]
[EventDate "2019.07.29"]
[EventType "swiss"]
[EventRounds "7"]
[EventCountry "GBR"]

1. c4 e5 2. Nf3 Nc6 3. Nc3 f5 4. d4 e4 5. Ng5 Be7 6. Nh3 Nf6 7. g3 O-O 8. Bg2
Kh8 9. Bg5 Nh5 10. Bxe7 Qxe7 11. O-O Qb4 12. e3 Nf6 13. Qb3 a5 14. Nb5 Ne8 15.
f3 Qxb3 16. axb3 Nb4 17. Na3 exf3 18. Rxf3 Ra6 19. Nb5 c6 20. Nc3 Rf6 21. Rf2
d6 22. Bf1 Be6 23. Nf4 Bd7 24. Nd3 Nc7 25. c5 Nxd3 26. Bxd3 Ra8 27. cxd6 Ne8
28. Na4 g6 29. Nb6 Rd8 30. Rxa5 Rxd6 31. Rc2 Be6 32. Bc4 Bd5 33. Ra7 Be4 34.
Rd2 c5 35. Ra8 Rxa8 36. Nxa8 Nf6 37. Nc7 Ng4 38. Nb5 Rd8 39. Re2 cxd4 40. exd4
Nf6 41. Rd2 Bc6 42. Nc3 Nd5 43. Nxd5 Bxd5 44. Kf2 Kg7 45. Ke3 Kf6 46. Kd3 g5
47. Bxd5 Rxd5 48. Kc4 Rd7 49. d5 f4 50. gxf4 gxf4 51. Kd4 Kf5 52. b4 f3 53. Ke3
Kg4 54. Rd4+ Kh3 55. Kxf3 Kxh2 56. Kg4 Kg2 57. Kf5 h5 58. Ke6 Rh7 59. d6 h4 60.
d7 1-0

[Event "GBR-ch106 Senior Over 65"]
[Site "Torquay"]
[Date "2019.08.04"]
[Round "7.7"]
[White "Campbell, Ian"]
[Black "Hutchinson, Paul A"]
[Result "0-1"]
[WhiteElo "1945"]
[BlackElo "2177"]
[PlyCount "169"]
[EventDate "2019.07.29"]
[EventType "swiss"]
[EventRounds "7"]
[EventCountry "GBR"]

1. Nf3 Nf6 2. b3 g6 3. Bb2 Bg7 4. e3 O-O 5. Be2 d6 6. d4 Nbd7 7. c4 c6 8. Nc3
Qc7 9. Rc1 Re8 10. O-O b6 11. Re1 Bb7 12. Qd2 Rad8 13. e4 a6 14. a4 e5 15. d5
c5 16. Bf1 Nf8 17. Rcd1 Bc8 18. Bc1 h6 19. Bd3 Bg4 20. h3 Bxf3 21. gxf3 Nh5 22.
Bf1 Nf4 23. Ne2 Nxe2+ 24. Qxe2 g5 25. Be3 Ng6 26. Rb1 a5 27. Bg2 Bf6 28. Kh2
Kg7 29. Rg1 Rh8 30. Bh1 Kf8 31. Rg3 Ke7 32. Rbg1 Rdg8 33. Qd2 Qd8 34. Kg2 Qc8
35. Kh2 Bg7 36. Qd3 f6 37. Qc2 Nf4 38. Bg2 h5 39. Bf1 Bh6 40. Qd1 Ng6 41. Kh1
Nh4 42. Qe2 Rg6 43. Kh2 Rhg8 44. Bd2 Qf8 45. Kh1 Kd7 46. Qd3 Kc7 47. Be2 Qe7
48. Kh2 Qh7 49. Be3 R6g7 50. Bd2 Ng6 51. R3g2 Rh8 52. Rg3 Nf4 53. Bxf4 exf4 54.
R3g2 Rg6 55. Kh1 Rgg8 56. Rh2 Qe7 57. Qd1 Re8 58. Bd3 Qd7 59. Qf1 Re5 60. Qd1
Rg8 61. Qf1 Bf8 62. Qd1 Re7 63. Rgg2 Reg7 64. Qe2 Be7 65. Rg1 Bd8 66. Bc2 Qe7
67. Qd3 Qe5 68. Bd1 Re8 69. Rhg2 Rh8 70. Rh2 Qe8 71. Be2 f5 72. exf5 Bf6 73. h4
g4 74. fxg4 hxg4 75. Rxg4 Rgh7 76. Qf3 Bxh4 77. Kg2 Qe7 78. Bd3 Bg3 79. Rxh7
Qxh7 80. Kf1 Qh3+ 81. Ke2 Re8+ 82. Kd2 Qh8 83. fxg3 Qb2+ 84. Bc2 Re3 85. Rxf4
0-1

[Event "GBR-ch106 Senior Over 65"]
[Site "Torquay"]
[Date "2019.08.04"]
[Round "7.8"]
[White "Orton, Stephen LA"]
[Black "Pickersgill, Adrian O"]
[Result "1-0"]
[WhiteElo "2167"]
[BlackElo "1948"]
[PlyCount "39"]
[EventDate "2019.07.29"]
[EventType "swiss"]
[EventRounds "7"]
[EventCountry "GBR"]

1. e4 d6 2. d4 Nf6 3. Nc3 c6 4. f4 Qa5 5. Bd2 e5 6. Nf3 exd4 7. Nxd4 Qb6 8. Nb3
a5 9. Be2 Be7 10. Bf3 a4 11. Nc1 O-O 12. Nd3 Re8 13. Qe2 d5 14. e5 Bf8 15.
O-O-O d4 16. Ne4 Nxe4 17. Bxe4 f5 18. exf6 Kh8 19. Ne5 gxf6 20. Qh5 1-0

[Event "GBR-ch106 Senior Over 65"]
[Site "Torquay"]
[Date "2019.08.04"]
[Round "7.9"]
[White "Bowmer, Kevin"]
[Black "De Coverly, Roger D"]
[Result "1/2-1/2"]
[WhiteElo "2107"]
[BlackElo "1928"]
[PlyCount "69"]
[EventDate "2019.07.29"]
[EventType "swiss"]
[EventRounds "7"]
[EventCountry "GBR"]

1. e4 e5 2. Nf3 Nc6 3. Bb5 a6 4. Ba4 Nf6 5. O-O Be7 6. Re1 b5 7. Bb3 O-O 8. c3
d5 9. exd5 Nxd5 10. Nxe5 Nxe5 11. Rxe5 c6 12. d4 Bd6 13. Re1 Qh4 14. g3 Qh3 15.
Qe2 Bg4 16. Qf1 Qh5 17. Nd2 Rae8 18. f3 Rxe1 19. Qxe1 Bxf3 20. Nxf3 Qxf3 21.
Bd2 Nf6 22. Qf1 Qxf1+ 23. Kxf1 Ne4 24. Be3 Re8 25. Re1 Kf8 26. Bc2 f5 27. Bc1
Kf7 28. Kg2 h6 29. g4 g6 30. Bxe4 fxe4 31. Bxh6 Rh8 32. Rf1+ Ke6 33. Bf4 Bxf4
34. Rxf4 Kd5 35. b3 1/2-1/2

[Event "GBR-ch106 Senior Over 65"]
[Site "Torquay"]
[Date "2019.08.04"]
[Round "7.10"]
[White "Bray, Dave J"]
[Black "Goodwin, Ed H"]
[Result "1/2-1/2"]
[WhiteElo "2085"]
[BlackElo "1825"]
[PlyCount "54"]
[EventDate "2019.07.29"]
[EventType "swiss"]
[EventRounds "7"]
[EventCountry "GBR"]

1. d4 e6 2. Nf3 f5 3. g3 Nf6 4. Bg2 Be7 5. O-O O-O 6. c4 d6 7. Nc3 Ne4 8. Qc2
Nxc3 9. Qxc3 Bf6 10. Qc2 e5 11. e3 Nc6 12. Rd1 Qe8 13. d5 Ne7 14. b3 Qh5 15.
Bb2 f4 16. exf4 exf4 17. Nd4 fxg3 18. hxg3 Bg4 19. Re1 Bxd4 20. Bxd4 Nf5 21.
Bb2 Bf3 22. Bxf3 Qxf3 23. Qe2 Qxe2 24. Rxe2 Rae8 25. Rae1 Rxe2 26. Rxe2 Kf7 27.
Kg2 g6 1/2-1/2

[Event "GBR-ch106 Senior Over 65"]
[Site "Torquay"]
[Date "2019.08.04"]
[Round "7.11"]
[White "Kelly, Ian G"]
[Black "Towers, Nigel S"]
[Result "1/2-1/2"]
[WhiteElo "2000"]
[BlackElo "1830"]
[PlyCount "69"]
[EventDate "2019.07.29"]
[EventType "swiss"]
[EventRounds "7"]
[EventCountry "GBR"]

1. Nf3 Nf6 2. c4 e6 3. g3 a6 4. Nc3 Bb4 5. Bg2 O-O 6. O-O c5 7. a3 Ba5 8. Rb1
Nc6 9. Na2 Bc7 10. b4 d6 11. d4 Nxd4 12. Nxd4 cxd4 13. Qxd4 Bb6 14. Qd3 Qc7 15.
Bb2 Qe7 16. Rfd1 Rd8 17. Rbc1 a5 18. Nc3 Ng4 19. e3 f5 20. Qe2 Rb8 21. Na4 Bc7
22. c5 Bd7 23. cxd6 Bxd6 24. Nc5 Bc6 25. Qc4 Bxc5 26. bxc5 Bxg2 27. Kxg2 Nf6
28. Bxf6 gxf6 29. Qc3 Rxd1 30. Rxd1 Rd8 31. Rd4 Qc7 32. Qd3 Rxd4 33. exd4 Qc6+
34. Qf3 Kf7 35. h3 1/2-1/2

[Event "GBR-ch106 Senior Over 65"]
[Site "Torquay"]
[Date "2019.08.04"]
[Round "7.12"]
[White "Levens, David G"]
[Black "Wright, Daniel"]
[Result "0-1"]
[WhiteElo "1904"]
[BlackElo "2235"]
[PlyCount "30"]
[EventDate "2019.07.29"]
[EventType "swiss"]
[EventRounds "7"]
[EventCountry "GBR"]

1. e4 c5 2. Nf3 Nc6 3. d4 cxd4 4. Nxd4 g6 5. Be3 Nf6 6. Nxc6 bxc6 7. Nc3 Qa5 8.
Bd3 Rb8 9. Qd2 Rxb2 10. O-O Bg7 11. Rab1 Rxb1 12. Rxb1 Ng4 13. Rb8 Qc7 14. Bxa7
O-O 15. f4 Qxa7+ 0-1

[Event "GBR-ch106 Senior Over 65"]
[Site "Torquay"]
[Date "2019.08.04"]
[Round "7.13"]
[White "Blewitt, Stephen D"]
[Black "Moore, Geoffrey R"]
[Result "0-1"]
[WhiteElo "1744"]
[BlackElo "1964"]
[PlyCount "46"]
[EventDate "2019.07.29"]
[EventType "swiss"]
[EventRounds "7"]
[EventCountry "GBR"]

1. b3 e5 2. e3 d5 3. Bb2 Nc6 4. Bb5 Bd6 5. Nf3 f6 6. h3 Nge7 7. c4 a6 8. Bxc6+
bxc6 9. Qc1 c5 10. d3 d4 11. exd4 exd4 12. O-O O-O 13. Re1 Ng6 14. Nbd2 Nf4 15.
Qc2 Qd7 16. Ne4 Nxg2 17. Nxd6 Nxe1 18. Nxe1 cxd6 19. Bc1 g5 20. Ng2 Qxh3 21. f4
g4 22. f5 Bb7 23. Bf4 g3 0-1

[Event "GBR-ch106 Senior Over 65"]
[Site "Torquay"]
[Date "2019.08.04"]
[Round "7.14"]
[White "Thynne, Trefor F"]
[Black "Gamble, Raymond J"]
[Result "1/2-1/2"]
[WhiteElo "1913"]
[BlackElo "1835"]
[PlyCount "31"]
[EventDate "2019.07.29"]
[EventType "swiss"]
[EventRounds "7"]
[EventCountry "GBR"]

1. d4 e6 2. Bf4 d5 3. e3 Bd6 4. Bg3 Nf6 5. Nd2 Ne4 6. Bd3 Nxg3 7. hxg3 h6 8.
Ngf3 Nd7 9. e4 dxe4 10. Nxe4 Nf6 11. Qe2 Nxe4 12. Qxe4 c6 13. g4 Qa5+ 14. c3
Bd7 15. Ne5 Bxe5 16. Qxe5 1/2-1/2

[Event "GBR-ch106 Senior Over 65"]
[Site "Torquay"]
[Date "2019.08.04"]
[Round "7.15"]
[White "Brameld, Arthur F"]
[Black "Anderton, David W"]
[Result "0-1"]
[WhiteElo "2091"]
[BlackElo "2088"]
[PlyCount "66"]
[EventDate "2019.07.29"]
[EventType "swiss"]
[EventRounds "7"]
[EventCountry "GBR"]

1. d4 f5 2. Bg5 g6 3. Nc3 Bg7 4. h4 h6 5. Bf4 d6 6. Nf3 Nf6 7. e3 e6 8. Bd3 O-O
9. Qd2 Nh5 10. Bh2 Qe8 11. O-O-O Nc6 12. Rde1 a6 13. a3 b5 14. e4 f4 15. e5
dxe5 16. dxe5 Bb7 17. Be4 Rd8 18. Qe2 Ba8 19. Rd1 Qf7 20. Rxd8 Rxd8 21. Rd1
Rxd1+ 22. Qxd1 Kh7 23. Qd3 Qe8 24. g4 fxg3 25. fxg3 Nxe5 26. Nxe5 Bxe5 27. g4
Bxh2 28. gxh5 Bxe4 29. Qxe4 Qf7 30. Ne2 Bd6 31. Kd2 Qf5 32. hxg6+ Kxg6 33. Qg2+
Kh7 0-1

[Event "GBR-ch106 Senior Over 65"]
[Site "Torquay"]
[Date "2019.08.04"]
[Round "7.16"]
[White "Myall, Ivan J"]
[Black "Marshall, Michael O"]
[Result "1-0"]
[WhiteElo "1993"]
[BlackElo "1885"]
[PlyCount "143"]
[EventDate "2019.07.29"]
[EventType "swiss"]
[EventRounds "7"]
[EventCountry "GBR"]

1. d4 Nf6 2. Bf4 g6 3. Nc3 d5 4. Qd2 c5 5. e3 a6 6. Nf3 Nc6 7. Ne5 Bg7 8. Be2
cxd4 9. exd4 Qb6 10. O-O-O Be6 11. Na4 Qb4 12. Qxb4 Nxb4 13. c3 Nc6 14. Nb6 Ra7
15. Bf3 O-O 16. h4 h5 17. Rhe1 Kh7 18. Nxc6 bxc6 19. Na4 Bh6 20. Bxh6 Kxh6 21.
Nc5 Bf5 22. Re3 Bg4 23. Rde1 Bxf3 24. Rxf3 Kg7 25. Rfe3 e6 26. Kc2 a5 27. b3
Re8 28. c4 Rae7 29. f3 Kf8 30. a3 Ra7 31. Na4 Rb7 32. c5 Ke7 33. Nb2 Kd8 34.
Nd3 Nd7 35. b4 axb4 36. axb4 Kc7 37. Ra1 Reb8 38. g4 Rh8 39. Rh1 Rbb8 40. Kc3
Ra8 41. g5 Ra3+ 42. Kc2 Rha8 43. Rb1 Kb7 44. Rb2 Ra2 45. Re1 Kc7 46. f4 R8a3
47. Reb1 Ra4 48. Rxa2 Rxa2+ 49. Rb2 Ra1 50. Nc1 Ra8 51. Rb3 Ra7 52. Kb2 Rb7 53.
Nd3 Rb8 54. Ra3 Kb7 55. Kc3 Rc8 56. Ra5 Rc7 57. b5 cxb5 58. Rxb5+ Kc6 59. Rb2
Ra7 60. Nb4+ Kc7 61. Ra2 Rxa2 62. Nxa2 Nb8 63. Nb4 Kb7 64. Kb3 Nc6 65. Nxc6
Kxc6 66. Ka4 Kc7 67. Kb5 Kb7 68. c6+ Kc7 69. Kc5 Kc8 70. Kd6 Kd8 71. c7+ Kc8
72. Kc6 1-0

[Event "GBR-ch106 Senior Over 65"]
[Site "Torquay"]
[Date "2019.08.04"]
[Round "7.18"]
[White "Moore, Gillian A"]
[Black "Stimpson, Philip M"]
[Result "0-1"]
[WhiteElo "1807"]
[BlackElo "1935"]
[PlyCount "66"]
[EventDate "2019.07.29"]
[EventType "swiss"]
[EventRounds "7"]
[EventCountry "GBR"]

1. d4 Nf6 2. Nc3 d5 3. Bf4 e6 4. e3 Bd6 5. Bxd6 cxd6 6. Nf3 Nc6 7. Be2 O-O 8.
O-O Re8 9. h3 a6 10. a3 b5 11. b4 Qc7 12. Qd3 Bb7 13. Rac1 Rac8 14. Rfe1 Nxb4
15. Nxd5 Nxd3 16. Nxc7 Nxc1 17. Nxe8 Nxe2+ 18. Rxe2 Nxe8 19. Ne1 Rc3 20. f3
Rxa3 21. e4 Rc3 22. Nd3 Kf8 23. Nc1 a5 24. Na2 Ra3 25. c3 f5 26. Kf2 Nf6 27. d5
fxe4 28. fxe4 Nxe4+ 29. Rxe4 Rxa2+ 30. Kg3 Bxd5 31. Re1 Rxg2+ 32. Kf4 a4 33.
Ra1 Ra2 0-1

[Event "GBR-ch106 Senior Over 65"]
[Site "Torquay"]
[Date "2019.08.04"]
[Round "7.19"]
[White "Skinner, Nicholas H"]
[Black "Fisher, C Phillip"]
[Result "0-1"]
[WhiteElo "1905"]
[BlackElo "1843"]
[PlyCount "88"]
[EventDate "2019.07.29"]
[EventType "swiss"]
[EventRounds "7"]
[EventCountry "GBR"]

1. d4 Nf6 2. Bg5 Ne4 3. Bf4 g6 4. Nd2 d5 5. Nxe4 dxe4 6. e3 Bg7 7. Ne2 c5 8. c3
cxd4 9. exd4 Bd7 10. Qd2 Qa5 11. Ng3 Bc6 12. Be3 Nd7 13. Bc4 Nf6 14. O-O Rd8
15. Bh6 O-O 16. Bxg7 Kxg7 17. Qe2 e5 18. dxe5 Qxe5 19. Rad1 h5 20. Rfe1 b5 21.
Bb3 a5 22. Bc2 Rfe8 23. Rxd8 Rxd8 24. Rd1 Rxd1+ 25. Qxd1 e3 26. Qd4 Qxd4 27.
cxd4 exf2+ 28. Kxf2 Ng4+ 29. Kg1 Bxg2 30. Bxg6 fxg6 31. Kxg2 Ne3+ 32. Kf3 Nd1
33. Ke4 Nxb2 34. Kd5 Kf7 35. Kc6 b4 36. Kb5 Ke6 37. Kxa5 Nd3 38. Ne2 Kd5 39.
Kb5 g5 40. Ng3 h4 41. Ne2 g4 42. Kb6 Nc1 43. Nxc1 g3 44. h3 Kxd4 0-1

[Event "GBR-ch106 Senior Over 65"]
[Site "Torquay"]
[Date "2019.08.04"]
[Round "7.20"]
[White "O'Brien, Paul W"]
[Black "Norman, Dinah M"]
[Result "1/2-1/2"]
[WhiteElo "1590"]
[BlackElo "1680"]
[PlyCount "48"]
[EventDate "2019.07.29"]
[EventType "swiss"]
[EventRounds "7"]
[EventCountry "GBR"]

1. e4 d5 2. exd5 Qxd5 3. Nc3 Qa5 4. d4 Nf6 5. Bd2 c6 6. Bd3 Qd8 7. Nf3 Bg4 8.
Be3 e6 9. O-O Be7 10. h3 Bxf3 11. Qxf3 O-O 12. Rad1 Nbd7 13. Qg3 Re8 14. Ne4
Nxe4 15. Bxe4 Nf6 16. Bd3 Nh5 17. Qf3 Nf6 18. c4 Qc7 19. Rfe1 a5 20. a3 b6 21.
Bf4 Bd6 22. Be5 Bxe5 23. dxe5 Nd7 24. Qe4 Nf8 1/2-1/2

[Event "GBR-ch106 Senior Over 65"]
[Site "Torquay"]
[Date "2019.08.04"]
[Round "7.21"]
[White "Smith, David"]
[Black "Tidmarsh, David A"]
[Result "1/2-1/2"]
[WhiteElo "1878"]
[BlackElo "1809"]
[PlyCount "38"]
[EventDate "2019.07.29"]
[EventType "swiss"]
[EventRounds "7"]
[EventCountry "GBR"]

1. e4 e5 2. Nf3 Nf6 3. Nxe5 d6 4. Nf3 Nxe4 5. d4 d5 6. Bd3 Be7 7. O-O O-O 8.
Re1 Bf5 9. c4 c6 10. Nc3 Nxc3 11. bxc3 Bxd3 12. Qxd3 dxc4 13. Qxc4 Nd7 14. Rb1
Nb6 15. Qb3 Rb8 16. c4 Nc8 17. Bf4 Bd6 18. Bg5 Be7 19. Bf4 Bd6 1/2-1/2

[Event "GBR-ch106 Senior Over 65"]
[Site "Torquay"]
[Date "2019.08.04"]
[Round "7.22"]
[White "Collins, Peter M"]
[Black "Dennis, Nigel W"]
[Result "0-1"]
[WhiteElo "1868"]
[BlackElo "1745"]
[PlyCount "50"]
[EventDate "2019.07.29"]
[EventType "swiss"]
[EventRounds "7"]
[EventCountry "GBR"]

1. d4 Nf6 2. Nf3 g6 3. c4 Bg7 4. Nc3 O-O 5. e4 d6 6. h3 Nbd7 7. Be2 e5 8. Be3
exd4 9. Bxd4 Re8 10. Qc2 b6 11. O-O Bb7 12. Bd3 Nc5 13. Bxc5 bxc5 14. Rfe1 Nd7
15. Qd2 Rb8 16. Rad1 Ne5 17. Nxe5 Bxe5 18. f4 Bd4+ 19. Kh1 a6 20. b3 Qh4 21.
Ne2 Bf2 22. Rf1 Bxe4 23. Bxe4 Rxe4 24. Nc3 Rxf4 25. Nd5 Rf3 0-1

[Event "GBR-ch106 Senior Over 65"]
[Site "Torquay"]
[Date "2019.08.04"]
[Round "7.23"]
[White "Walkowiak, Adam"]
[Black "Rhodes, Lawrence"]
[Result "1-0"]
[WhiteElo "1698"]
[BlackElo "1607"]
[PlyCount "105"]
[EventDate "2019.07.29"]
[EventType "swiss"]
[EventRounds "7"]
[EventCountry "GBR"]

1. d4 g6 2. c4 Bg7 3. Nc3 d6 4. e4 e5 5. d5 Nd7 6. b4 h5 7. Be2 Nh6 8. h3 O-O
9. g4 hxg4 10. hxg4 g5 11. Nh3 f6 12. Be3 a6 13. Qd2 Qe7 14. f3 Nf7 15. Nf2 a5
16. Nb5 axb4 17. Nxc7 Ra3 18. Ne6 Re8 19. Rb1 Nc5 20. Nxg7 Kxg7 21. Nd3 Nxd3+
22. Bxd3 Qc7 23. Rxb4 Rh8 24. Rxh8 Nxh8 25. Bb6 Qe7 26. Kd1 Ng6 27. Rb3 Ra8 28.
Kc1 Nf4 29. Kb2 Nxd3+ 30. Rxd3 Qd7 31. Qb4 Ra4 32. Qb5 Kf7 33. Kb3 Ra6 34. Qb4
Qe7 35. Rd1 Kg7 36. c5 dxc5 37. Bxc5 Qd7 38. Bb6 Qe8 39. Rc1 Kg6 40. a4 Bd7 41.
a5 Bc8 42. Rc7 Qg8 43. Qe7 Ra8 44. Kb4 Ra6 45. Kb5 Ra8 46. Qd6 Qe8+ 47. Kb4 Ra6
48. Re7 Qf8 49. Qc7 Ra8 50. d6 Ra6 51. Rh7 Be6 52. Qe7 Qxe7 53. Rxe7 1-0

[Event "GBR-ch106 Senior Over 65"]
[Site "Torquay"]
[Date "2019.08.04"]
[Round "7.24"]
[White "Cresswell, Mike J"]
[Black "Hughes, Peter"]
[Result "0-1"]
[WhiteElo "1685"]
[BlackElo "1794"]
[PlyCount "72"]
[EventDate "2019.07.29"]
[EventType "swiss"]
[EventRounds "7"]
[EventCountry "GBR"]

1. e4 d6 2. d4 Nf6 3. Nc3 e5 4. dxe5 dxe5 5. Qxd8+ Kxd8 6. Bg5 Be6 7. O-O-O+
Nbd7 8. Nf3 Kc8 9. h3 Bc5 10. Bh4 h6 11. Bb5 c6 12. Ba4 b5 13. Bb3 Bxb3 14.
axb3 Nh5 15. Ne2 Nf4 16. Nc3 f6 17. g4 Kc7 18. Ng1 g5 19. Bg3 h5 20. Nge2 Ng6
21. f3 a5 22. Rd3 Nf4 23. Nxf4 exf4 24. Be1 Ne5 25. Nxb5+ cxb5 26. Rd5 Be3+ 27.
Kb1 b4 28. c3 Nxf3 29. cxb4 Nxe1 30. Rxe1 hxg4 31. hxg4 axb4 32. Re2 Rh1+ 33.
Kc2 Rc1+ 34. Kd3 Rd8 35. Rh2 Rd1+ 36. Kc4 Rd4+ 0-1